Sociología de la educación : temas y perspectivas fundamentales /

Guardado en:
Autor Principal: Brigido, Ana María
Formato: Libro
Publicado: Córdoba : Brujas, 2006
Materias:
Etiquetas: Agregar Etiqueta
Sin Etiquetas, Sea el primero en etiquetar este registro!
LEADER 00596nam a22001815a 4500
001 EHU.bham044261
003 AR-BHAM
005 20160922142000.0
008 130507s2006##################000#0#####d
020 |a 9875910309 
082 3 7 |a 370.19 
100 1 |a Brigido, Ana María 
245 1 0 |a Sociología de la educación :  |b temas y perspectivas fundamentales /  |c  Ana María Brigido 
260 |a Córdoba :  |b Brujas,  |c 2006 
300 |a 320 p. 
653 |a Educación-sociología de la 
653 |a Educación-sistema-análisis sociológico 
859 |a AR-BHAM  |b BIB. HUMANIDADES - General  |h 370.19  |i B768  |p 490.16  |t Ej.1